00861nam a2200277 a 450000100060000000300090000600500170001500700030003200800410003502000150007604000280009108200170011908400130013610000330014924500400018225000180022230000200024033600270026033700330028733800280032065000370034865000370038594200120042299900170043495201320045157705CO-ViMGA20250724162909.0ta141112s2004 ck r 000 u spa d a9583001805 aCO-ViMGAbspacCO-ViMGA04a530.11 L15q2 aRES007551 aLandau, Lev Davidovich9723910aQue es la teoria de la relatividad? a1a. edición a81 p, il, 20 cm 2rdacontentatextobtxt 2rdamediaasin mediaciónbn 2rdacarrieravolumenbnc14aFisica - relatividad2LEMB9724014aRelatividad - fisica2LEMB97241 2ddccBK c57705d57705 00102ddc40708GENaMERESTREbMERESTREcGENd2025-07-24l0o530.11 L15q2pRES00755r2025-07-24 16:29:19tEj.1w2025-07-24yBK